000 00444nam a2200145 4500
001 137542
003 ES-MaACL
005 20230906195408.0
007 t|
008 070214s1905 sp r ||||1| spa d
100 1 _aSánchez Carrasco, Fernando.
_9102527
245 1 0 _aEpiteliomas de la faringe
_b: (tesis doctoral) /
_cFernando Sánchez Carrasco.
260 _aSevilla :
_b[s.n.],
_c1905 (
_fTip. de Gironés)
852 _aES-MaACL
_jT-1132-F-12
999 _c137542
_d137542